02523nam a22004217a 4500001000400000003000600004005001700010008004100027020001800068040003000086042000900116050002200125082001500147100001900162245008500181250003000266260003600296300005900332505000600391520014100397521001900538521002000557650002200577700004100599906004500640942001500685999001300700952014400713952014400857952014401001952014501145952014001290952014001430952014001570952013201710952012701842952013201969333FISKH20240716142443.0230324b cb ||||| |||| 00| 0 eng d a9780439664745 aDLCcDLCdDLCdFISKHbeng alcac00aPZ7.L856bHo 200300a811.542211 aLong, Melinda.10aHow I became a pirate /cwritten by Melinda Long ; illustrated by David Shannon. aFirst scholastic printing aNew York :bScholastic.c2004. a36 unnumbered pages : bcolor illustrations ; c28 cm  aH aJeremy Jacob joins Braid Beard and his pirate crew and finds out about pirate language, pirate manners, and other aspects of their life.8 a470 bLexile 8 aH bRaz-Plus  1aPiratesvFiction.1 aShannon, David,d1959-eillustrator  a7bcbccorignewd1eecipf20gy-gencatlg 2ddccBKn0 c333d333 00102ddc40708JUVFa001b001cTK Blued2023-03-24l4oLON 813.6 PZ7.L856pFISTK04174r2024-06-10 09:11:50s2024-05-16t1w2023-03-24yBK 00102ddc40708JUVFa001b001cTK Blued2023-03-24l2oLON 813.6 PZ7.L856pFISTK03935r2024-03-14 08:00:13s2024-02-07t2w2023-03-24yBK 00102ddc40708JUVFa001b001cTK Blued2023-03-24l1oLON 813.6 PZ7.L856pFISTK04175r2024-06-10 16:02:25s2023-08-07t3w2023-03-24yBK 00102ddc40708JUVFa001b001cTK Blued2023-03-24l2oLON 813.6 PZ7.L856pFISTKG2A088r2024-02-15 08:12:49s2024-02-08t4w2023-03-24yBK 00102ddc40708JUVFa001b001cTTPd2023-11-22l2oLON 813.6 PZ7.L856pFISBK06196r2024-02-06 08:13:19s2024-01-30t5w2023-11-22yBK 00102ddc40708JUVFa001b002cTTPd2023-11-22l4oLON 813.6 PZ7.L856pFISBK06168r2025-05-16 10:47:52s2025-05-07t6w2023-11-22yBK 00102ddc40708JUVFa001b001cTTPd2023-11-22l4oLON 813.6 PZ7.L856pFISTK03931r2025-05-29 13:27:17s2025-05-08t7w2023-11-22yBK 00102ddc40708JUVFa001b001cTK Blued2024-07-16l0oLON 813.6 PZ7.L856pFISTK04173r2024-07-16 14:25:34t8w2024-07-16yBK 00102ddc40708JUVFa001b001cTTPd2024-07-16l0oLON 813.6 PZ7.L856p2024-1844r2024-08-21 14:17:55t9w2024-07-16yBK 00102ddc40708JUVFa001b001cTK Blued2024-10-10l0oLON 813.6 PZ7.L856p2024-2120r2024-10-10 09:31:53t10w2024-10-10yBK